=LDR 00000nam 2200000 4500 =001 INLIS000000000024893 =005 20210312020720 =035 ##$$a 0010-061300000024893 =008 210312################g##########0#ind## =041 ##$$a Ind =082 ##$$a 362.82 =090 ##$$a 362.82, All c =100 1#$$a Allenbaugh, Also By Kay =245 1#$$a Chocolate for a mother's heart /$c Also By Kay Allenbaugh =260 ##$$a Jakarta :$b Buana Ilmu Populer,$c 1982 =300 ##$$a 265 hlm ; $c 21x14 cm =650 #4$$a Chocolate =850 ##$$a NBPNMAT =020 ##$$a 979-694-253-4 =084 ##$$a 362.82 ALL c =250 ##$$a cet.1 =990 ##$$a 2033244